| 000 | 00777nam a2200265 a 4500 | ||
|---|---|---|---|
| 001 | 984 | ||
| 003 | BR-CuiBMT | ||
| 005 | 20231124200207.0 | ||
| 008 | 231124s2008 rjba 000 0 por d | ||
| 020 | _a9788578420024 | ||
| 040 |
_aBR-CuiBMT _cBR-CuiBMT |
||
| 080 |
_22007 _a35 |
||
| 090 |
_a35 _bM357a |
||
| 100 | 1 | _aMarques, Marcelo | |
| 245 | 1 | 0 |
_aAdministração pública : _buma abordagem prática / _cMarcelo Marques. |
| 260 |
_aRio de Janeiro : _bEditora Ferreira, _cc2008. |
||
| 300 |
_a332 p. : _bil. color. ; _c24 cm |
||
| 490 | 1 | _aConcursos | |
| 504 | _aInclui bibliografia. | ||
| 590 | _aA biblioteca possui a 2. reimpr. 2009. | ||
| 650 | _aAdministração pública | ||
| 650 |
_aServiço público _vconcursos _zBrasil |
||
| 830 | 0 | _aConcursos | |
| 942 |
_2udc _cLV |
||
| 999 |
_c984 _d984 |
||